000 00543nam a2200181Ia 4500
003 GCL
008 140319s9999 xx 000 0 ara d
040 _aGCL /
_cGCL
082 0 4 _a910.02
_bج ج
100 1 _aجودة حسنين جودة
245 1 0 _aجغرافية البحار والمحيطات /
_cجودة حسنين جودة
300 _a613 ص
490 _a
650 0 4 _aالجغرافيا الطبيعية
650 0 4 _aالجغرافيا الاقتصادية
650 0 4 _aالبحار والمحيطات
942 _2ddc
_cBK
999 _c38924
_d38924